000
00311nam a22001337a 4500
999
_c
534379
_d
534379
020
_a
9693707338
040
_c
MSOHAIL
082
_a
809
100
_a
Dr. Jameel Jalibi
_9
28514
245
_a
Arastu Se Elliot Tak
260
_a
Islamabad
_b
National Book Foundation
_c
c2008
300
_a
560;p
942
_2
ddc
_c
BK